[Event "Mittelfranken-chTB2b 1415"]
[Site "Mittelfranken"]
[Date "2015.03.08"]
[Round "7.2"]
[White "Kramer, Manuel"]
[Black "Zhao, Kevin"]
[Result "0-1"]
[WhiteElo "1851"]
[BlackElo "1998"]
[PlyCount "54"]
[EventDate "2014.09.28"]
[EventType "team-tourn"]
[EventRounds "9"]
[EventCountry "GER"]
[SourceTitle "EXT 2020"]
[Source "ChessBase"]
[SourceDate "2019.10.17"]
[SourceVersion "1"]
[SourceVersionDate "2019.10.17"]
[SourceQuality "1"]
[WhiteTeam "Bubenreuth/Moehrendorf"]
[BlackTeam "Erlangen SC III"]
[WhiteTeamCountry "GER"]
[BlackTeamCountry "GER"]

1. d4 e6 2. Nf3 f5 3. g3 Nf6 4. Bg2 Be7 5. 0-0 0-0 6. c4 d6 7. Nc3 Ne4 8. Qb3 Nxc3 9. Qxc3 Bf6 10. Bd2 Nc6 11. Rad1 Qe8 12. b4 e5 13. e3 e4 14. Ne1 Qh5 15. f3 f4 16. gxf4 Bh4 17. Qc2 Rf6 18. fxe4 Bg4 19. Bf3 Bxe1 20. Bxe1 Bxf3 21. Rd2 Qg6+ 22. Bg3 Bxe4 23. Qc3 Ne7 24. Kf2 Nf5 25. Rg1 Qh5 26. Ke1 Rg6 27. d5 Nh4 0-1

[Event "GER-chT U20"]
[Site "Naumburg Saale"]
[Date "2014.12.28"]
[Round "3.5"]
[White "Riederer, Martin"]
[Black "Zhao, Kevin"]
[Result "1/2-1/2"]
[WhiteElo "2093"]
[BlackElo "2004"]
[PlyCount "86"]
[EventDate "2014.12.27"]
[EventType "team-swiss"]
[EventRounds "7"]
[EventCountry "GER"]
[SourceTitle "EXT 2016"]
[Source "ChessBase"]
[SourceDate "2015.10.08"]
[SourceVersion "1"]
[SourceVersionDate "2015.10.08"]
[SourceQuality "1"]
[WhiteTeam "Hamburger SK"]
[BlackTeam "Erlangen"]
[WhiteTeamCountry "GER"]
[BlackTeamCountry "GER"]

1. d4 e6 2. c4 f5 3. g3 Nf6 4. Bg2 Be7 5. Nf3 0-0 6. 0-0 d6 7. Nc3 Ne4 8. Nxe4 fxe4 9. Nd2 d5 10. f3 Nc6 11. fxe4 Rxf1+ 12. Nxf1 dxc4 13. Be3 e5 14. d5 Na5 15. Bd2 Bc5+ 16. Kh1 b6 17. Bxa5 bxa5 18. Qa4 Qd6 19. Qe8+ Qf8 20. Qxe5 Bg4 21. Qf4 Bxe2 22. Re1 Bd3 23. e5 Rb8 24. d6 Qxf4 25. gxf4 cxd6 26. Bd5+ Kf8 27. exd6 Bxd6 28. Ne3 Re8 29. Ng2 Rxe1+ 30. Nxe1 Bxf4 31. Nxd3 cxd3 32. Kg2 d2 33. Bf3 Ke7 34. h3 Kf6 35. Be2 g5 36. Kf3 a4 37. Bd1 a3 38. bxa3 Ke5 39. a4 h5 40. Kf2 h4 41. Bg4 Kd4 42. Ke2 Kc3 43. Kd1 Kb4 1/2-1/2

[Event "Forchheim op-A 13th"]
[Site "Forchheim"]
[Date "2014.10.04"]
[Round "4"]
[White "Zhao, Kevin"]
[Black "Fieberg, Samuel"]
[Result "1-0"]
[WhiteElo "1907"]
[BlackElo "2020"]
[PlyCount "43"]
[EventDate "2014.10.03"]
[EventType "swiss"]
[EventRounds "5"]
[EventCountry "GER"]
[SourceTitle "EXT 2019"]
[Source "ChessBase"]
[SourceDate "2018.10.10"]
[SourceVersion "1"]
[SourceVersionDate "2018.10.10"]
[SourceQuality "1"]

1. e4 c5 2. Nf3 d6 3. d4 cxd4 4. Nxd4 Nf6 5. Nc3 a6 6. Be2 e5 7. Nb3 Be7 8. 0-0 0-0 9. Be3 Be6 10. f4 exf4 11. Bxf4 Nc6 12. Qe1 Qc7 13. Qg3 Ne5 14. Nd4 Ng6 15. Be3 Kh8 16. Bd3 Rac8 17. Nxe6 fxe6 18. Qh3 e5 19. Nd5 Qd7 20. Rxf6 Qxh3 21. Rxf8+ Rxf8 22. gxh3 1-0

[Event "Mittelfranken-ch HT 63rd"]
[Site "Nuremberg"]
[Date "2014.04.18"]
[Round "9"]
[White "Surinya, Tibor"]
[Black "Zhao, Kevin"]
[Result "1/2-1/2"]
[WhiteElo "2063"]
[BlackElo "1867"]
[PlyCount "23"]
[EventDate "2014.04.15"]
[EventType "swiss"]
[EventRounds "9"]
[EventCountry "GER"]
[SourceTitle "EXT 2022"]
[Source "ChessBase"]
[SourceDate "2021.10.06"]
[SourceVersion "1"]
[SourceVersionDate "2021.10.06"]
[SourceQuality "1"]

1. d4 e6 2. c4 f5 3. g3 Nf6 4. Bg2 Be7 5. Nf3 0-0 6. 0-0 d6 7. b3 Ne4 8. Qc2 Nd7 9. Bb2 Qe8 10. Nbd2 Ndf6 11. Nxe4 Nxe4 12. Nd2 1/2-1/2

[Event "Mittelfranken-ch HT 63rd"]
[Site "Nuremberg"]
[Date "2014.04.15"]
[Round "1"]
[White "Meulner, Klaus"]
[Black "Zhao, Kevin"]
[Result "1-0"]
[WhiteElo "2123"]
[BlackElo "1867"]
[PlyCount "65"]
[EventDate "2014.04.15"]
[EventType "swiss"]
[EventRounds "9"]
[EventCountry "GER"]
[SourceTitle "EXT 2022"]
[Source "ChessBase"]
[SourceDate "2021.10.06"]
[SourceVersion "1"]
[SourceVersionDate "2021.10.06"]
[SourceQuality "1"]

1. d4 e6 2. Nf3 f5 3. d5 d6 4. dxe6 Bxe6 5. Ng5 Qd7 6. Nxe6 Qxe6 7. g3 Nf6 8. Bg2 c6 9. Nd2 Be7 10. 0-0 0-0 11. c3 Nbd7 12. Qb3 Nc5 13. Qxe6+ Nxe6 14. Nc4 Nd7 15. Na5 Rab8 16. Rd1 Ndc5 17. Be3 d5 18. c4 dxc4 19. Nxc4 Rbd8 20. Rac1 f4 21. gxf4 Nxf4 22. Rxd8 Bxd8 23. Bf3 Nce6 24. Rd1 Nh3+ 25. Kf1 Bc7 26. Bg4 Neg5 27. Rd7 Bxh2 28. Kg2 Bf4 29. Bd4 Rf7 30. Rd8+ Rf8 31. Rxf8+ Kxf8 32. Bxh3 Nxh3 33. Kxh3 1-0

[Event "Bayernliga U20 1314"]
[Site "Bayern"]
[Date "2014.02.15"]
[Round "6.6"]
[White "Antczak, Lena"]
[Black "Zhao, Kevin"]
[Result "0-1"]
[WhiteElo "1615"]
[BlackElo "1998"]
[PlyCount "50"]
[EventDate "2013.11.16"]
[EventType "team-tourn"]
[EventRounds "7"]
[EventCountry "GER"]
[SourceTitle "EXT 2022"]
[Source "ChessBase"]
[SourceDate "2021.10.06"]
[SourceVersion "1"]
[SourceVersionDate "2021.10.06"]
[SourceQuality "1"]
[WhiteTeam "Kelheim SK U20"]
[BlackTeam "Erlangen SC U20"]
[WhiteTeamCountry "GER"]
[BlackTeamCountry "GER"]

1. e4 e6 2. d4 d5 3. e5 c5 4. c3 Nc6 5. Nf3 Qb6 6. Be2 cxd4 7. cxd4 Nh6 8. Bd3 Bd7 9. Bc2 Nb4 10. Na3 Rc8 11. 0-0 Qa6 12. Re1 Nxc2 13. Nxc2 Ba4 14. Bxh6 Bxc2 15. Qd2 gxh6 16. Rac1 Qa4 17. Re2 Bb4 18. Qxc2 Rxc2 19. Rexc2 Kf8 20. b3 Qb5 21. h4 Qd3 22. Kh2 Qe4 23. Rc7 Rg8 24. a3 Ba5 25. Rxb7 Qf4+ 0-1

[Event "Bayernliga U20 1314"]
[Site "Bayern"]
[Date "2014.02.15"]
[Round "7.6"]
[White "Zhao, Kevin"]
[Black "Heinrich, Christian"]
[Result "1-0"]
[WhiteElo "1998"]
[BlackElo "939"]
[PlyCount "51"]
[EventDate "2013.11.16"]
[EventType "team-tourn"]
[EventRounds "7"]
[EventCountry "GER"]
[SourceTitle "EXT 2022"]
[Source "ChessBase"]
[SourceDate "2021.10.06"]
[SourceVersion "1"]
[SourceVersionDate "2021.10.06"]
[SourceQuality "1"]
[WhiteTeam "Erlangen SC U20"]
[BlackTeam "Vaterstetten SC U20"]
[WhiteTeamCountry "GER"]
[BlackTeamCountry "GER"]

1. e4 e5 2. Nf3 Nc6 3. Bb5 a6 4. Ba4 Bc5 5. 0-0 Nf6 6. c3 d6 7. d4 exd4 8. cxd4 Bb6 9. d5 Bd7 10. dxc6 Bxc6 11. Bxc6+ bxc6 12. e5 Ng4 13. exd6 cxd6 14. Qa4 Rc8 15. Qxg4 0-0 16. Bh6 Qf6 17. Bg5 Qxb2 18. Nbd2 g6 19. Rab1 Qxa2 20. Rxb6 c5 21. Qh4 c4 22. Bf6 h5 23. g4 Rfe8 24. gxh5 gxh5 25. Qg5+ Kf8 26. Qg7# 1-0

[Event "Forchheim op-A 12th"]
[Site "Forchheim"]
[Date "2013.09.28"]
[Round "2"]
[White "Zhao, Kevin"]
[Black "Glawe, Ralf"]
[Result "0-1"]
[WhiteElo "1865"]
[BlackElo "2019"]
[PlyCount "54"]
[EventDate "2013.09.27"]
[EventType "swiss"]
[EventRounds "5"]
[EventCountry "GER"]
[SourceTitle "CBM 156 Extra"]
[Source "ChessBase"]
[SourceDate "2013.10.22"]
[SourceVersion "1"]
[SourceVersionDate "2013.10.22"]
[SourceQuality "1"]

1. e4 c5 2. Nf3 e6 3. d4 cxd4 4. Nxd4 Nc6 5. Nc3 Qc7 6. Be2 Nf6 7. 0-0 a6 8. Be3 Bb4 9. Na4 0-0 10. Nxc6 bxc6 11. Nb6 Rb8 12. Nxc8 Qxc8 13. Bd3 e5 14. f4 d6 15. fxe5 Ng4 16. Bg5 Bc5+ 17. Kh1 Nxe5 18. Qe2 a5 19. Rf5 Qe6 20. b3 Rbe8 21. Raf1 f6 22. Bc1 Rf7 23. Qe1 Ng6 24. Bd2 a4 25. Bc4 d5 26. exd5 Qd7 27. Qg3 Bd6 0-1

[Event "Bayernliga 1213 U20"]
[Site "Bayern"]
[Date "2012.12.01"]
[Round "2.3"]
[White "Zhao, Kevin"]
[Black "Koelbl, Ines"]
[Result "1/2-1/2"]
[WhiteElo "1857"]
[BlackElo "1693"]
[PlyCount "60"]
[EventDate "2012.10.20"]
[EventType "team-tourn"]
[EventRounds "7"]
[EventCountry "GER"]
[SourceTitle "EXT 2020"]
[Source "ChessBase"]
[SourceDate "2019.10.17"]
[SourceVersion "1"]
[SourceVersionDate "2019.10.17"]
[SourceQuality "1"]
[WhiteTeam "Erlangen SC U20"]
[BlackTeam "Klosterlechfeld U20"]
[WhiteTeamCountry "GER"]
[BlackTeamCountry "GER"]

1. e4 c6 2. d4 d6 3. c4 e5 4. Nf3 Qc7 5. Nc3 Nf6 6. Be2 Be7 7. 0-0 0-0 8. Be3 a6 9. Ne1 b5 10. f4 b4 11. dxe5 dxe5 12. fxe5 Qxe5 13. Nd3 Qc7 14. Na4 Nbd7 15. Bf3 Bd6 16. h3 Re8 17. Ndc5 Ne5 18. b3 Ned7 19. Qd2 Nxc5 20. Nxc5 Bxc5 21. Bxc5 Nxe4 22. Rae1 Bf5 23. Bxe4 Bxe4 24. Rf4 Bg6 25. Rxe8+ Rxe8 26. Bxb4 h6 27. Bc3 Qe7 28. Kf2 Qg5 29. Qd4 f6 30. h4 Qh5 1/2-1/2

[Event "Nuremberg Zabo op 14th"]
[Site "Nuremberg"]
[Date "2012.09.14"]
[Round "1.42"]
[White "Zhao, Kevin"]
[Black "Shen, Julian"]
[Result "1-0"]
[WhiteElo "1812"]
[BlackElo "1437"]
[PlyCount "39"]
[EventDate "2012.09.14"]
[EventType "swiss"]
[EventRounds "5"]
[EventCountry "GER"]
[SourceTitle "EXT 2022"]
[Source "ChessBase"]
[SourceDate "2021.10.06"]
[SourceVersion "1"]
[SourceVersionDate "2021.10.06"]
[SourceQuality "1"]

1. e4 c5 2. Nf3 d6 3. d4 cxd4 4. Nxd4 Nf6 5. Nc3 g6 6. Be3 Bg7 7. f3 0-0 8. Qd2 Nc6 9. Bc4 Bd7 10. 0-0-0 Rc8 11. Bb3 Ne5 12. h4 Nc4 13. Bxc4 Rxc4 14. g4 a6 15. h5 b5 16. hxg6 hxg6 17. Bh6 Rc8 18. Bxg7 Kxg7 19. Qh6+ Kg8 20. Qh8# 1-0

[Event "Forchheim op 10th"]
[Site "Forchheim"]
[Date "2011.10.09"]
[Round "5"]
[White "Petermann, Jan"]
[Black "Zhao, Kevin"]
[Result "0-1"]
[WhiteElo "1687"]
[BlackElo "1859"]
[PlyCount "78"]
[EventDate "2011.10.07"]
[EventType "swiss"]
[EventRounds "5"]
[EventCountry "GER"]
[SourceTitle "EXT 2019"]
[Source "ChessBase"]
[SourceDate "2018.10.10"]
[SourceVersion "1"]
[SourceVersionDate "2018.10.10"]
[SourceQuality "1"]

1. Nf3 e6 2. d3 d5 3. g3 c5 4. Bg2 Nc6 5. 0-0 Nf6 6. Re1 e5 7. Bg5 Be6 8. e4 d4 9. Na3 h6 10. Bd2 Nd7 11. c4 g5 12. Nc2 f6 13. Qe2 Bd6 14. a3 Qe7 15. Kf1 Kf7 16. Reb1 Rag8 17. b4 b6 18. b5 Nd8 19. Ng1 h5 20. h3 Nb7 21. a4 Na5 22. Bxa5 bxa5 23. Qd2 Bc7 24. Ke2 Nf8 25. Rf1 Ng6 26. Rae1 Qd7 27. Kd1 Rb8 28. Kc1 a6 29. Na3 axb5 30. Nxb5 Rb7 31. Kc2 Rhb8 32. Rb1 Ne7 33. Kb3 Nc6 34. Qe2 Kg6 35. Nf3 Na7 36. Rh1 Nxb5 37. axb5 Rxb5+ 38. Ka2 Rxb1 39. Rxb1 Qa4# 0-1

[Event "Forchheim op 10th"]
[Site "Forchheim"]
[Date "2011.10.08"]
[Round "3"]
[White "Held, Werner"]
[Black "Zhao, Kevin"]
[Result "0-1"]
[WhiteElo "1300"]
[BlackElo "1859"]
[PlyCount "66"]
[EventDate "2011.10.07"]
[EventType "swiss"]
[EventRounds "5"]
[EventCountry "GER"]
[SourceTitle "CBM 144 Extra"]
[Source "ChessBase"]
[SourceDate "2011.10.28"]
[SourceVersion "1"]
[SourceVersionDate "2011.10.28"]
[SourceQuality "1"]

1. e4 e6 2. d4 d5 3. e5 c5 4. Nf3 Nc6 5. Be3 Qb6 6. b3 cxd4 7. Nxd4 Qc7 8. Nxc6 bxc6 9. f4 Bd7 10. Nd2 c5 11. Bd3 Be7 12. 0-0 Nh6 13. Qf3 Bc6 14. Qg3 d4 15. Bf2 Qb7 16. Rae1 0-0-0 17. Re2 g6 18. h4 Nf5 19. Qh3 h6 20. Ne4 g5 21. g4 Nxh4 22. Bxh4 gxh4 23. f5 exf5 24. gxf5 Rdg8+ 25. Kh2 Qc7 26. f6+ Bd7 27. Qxh4 Rg4 28. Qh5 Bf8 29. Qxf7 Qxe5+ 30. Kh1 Rhg8 31. Rh2 Bc6 32. Re1 Bxe4+ 33. Rxe4 Rg1# 0-1

[Event "Mittelfranken-ch QT 60th"]
[Site "Buechenbach/Roth"]
[Date "2011.04.20"]
[Round "2"]
[White "Zhao, Kevin"]
[Black "Heckel, Wolfgang"]
[Result "0-1"]
[WhiteElo "1735"]
[BlackElo "1774"]
[PlyCount "78"]
[EventDate "2011.04.20"]
[EventType "swiss"]
[EventRounds "7"]
[EventCountry "GER"]
[SourceTitle "CBM 142 Extra"]
[Source "ChessBase"]
[SourceDate "2011.06.27"]
[SourceVersion "1"]
[SourceVersionDate "2011.06.27"]
[SourceQuality "1"]

1. e4 c5 2. Nc3 Nc6 3. f4 d6 4. Nf3 Nf6 5. Bc4 e6 6. 0-0 a6 7. Bb3 b5 8. d3 Be7 9. Ne2 d5 10. exd5 exd5 11. c3 0-0 12. Ng3 Qc7 13. Kh1 Bd6 14. d4 c4 15. Bc2 Bg4 16. Qd2 Rae8 17. Ne5 Ne7 18. h3 Bc8 19. Qf2 h5 20. Qf3 h4 21. Nh5 Nxh5 22. Qxh5 g6 23. Qxh4 Bf5 24. Bd1 Kg7 25. Ng4 Ng8 26. Ne3 Ne7 27. Ng4 Rh8 28. Qf6+ Kg8 29. Qg5 Kg7 30. Nf6 Rd8 31. Bf3 Bxh3 32. gxh3 Rxh3+ 33. Kg2 Rdh8 34. Nh5+ R3xh5 35. Bxh5 Rxh5 36. Qg4 Ng8 37. Be3 Nh6 38. Qe2 Nf5 39. Rf2 Qe7 0-1

[Event "Mittelfranken-ch QT 59th"]
[Site "Forchheim"]
[Date "2010.04.03"]
[Round "7"]
[White "Zhao, Kevin"]
[Black "Koerber, Christian"]
[Result "1/2-1/2"]
[WhiteElo "1666"]
[BlackElo "1571"]
[PlyCount "67"]
[EventDate "2010.03.31"]
[EventType "swiss"]
[EventRounds "7"]
[EventCountry "GER"]
[SourceTitle "EXT 2011"]
[Source "ChessBase"]
[SourceDate "2010.11.26"]
[SourceVersion "1"]
[SourceVersionDate "2010.11.26"]
[SourceQuality "1"]

1. e4 d5 2. exd5 Qxd5 3. Nc3 Qa5 4. Bc4 Nf6 5. d4 Bg4 6. f3 Bf5 7. Bd2 Qb6 8. Nge2 e6 9. Rb1 c6 10. Be3 Nd5 11. Bf2 Nb4 12. Bb3 a5 13. h4 h5 14. 0-0 Qc7 15. Ne4 Nd7 16. a3 Nd5 17. Qd2 Be7 18. Rbd1 b5 19. a4 N7b6 20. Bg3 Qb7 21. axb5 cxb5 22. Nd6+ Bxd6 23. Bxd6 Qc6 24. Bc5 Nd7 25. Bxd5 Qxd5 26. Nc3 Qc6 27. b4 Nxc5 28. bxc5 0-0 29. Qe2 b4 30. Nb5 Bxc2 31. Rd2 b3 32. Qc4 a4 33. Na3 Bf5 34. Rb2 1/2-1/2

[Event "Mittelfranken-ch QT 59th"]
[Site "Forchheim"]
[Date "2010.04.02"]
[Round "6"]
[White "Bolten, Daniel"]
[Black "Zhao, Kevin"]
[Result "1-0"]
[WhiteElo "1888"]
[BlackElo "1666"]
[PlyCount "119"]
[EventDate "2010.03.31"]
[EventType "swiss"]
[EventRounds "7"]
[EventCountry "GER"]
[SourceTitle "EXT 2011"]
[Source "ChessBase"]
[SourceDate "2010.11.26"]
[SourceVersion "1"]
[SourceVersionDate "2010.11.26"]
[SourceQuality "1"]

1. d4 d5 2. Nf3 Nf6 3. c4 dxc4 4. Nc3 a6 5. a4 Nc6 6. e3 Bf5 7. Bxc4 e6 8. 0-0 Bd6 9. Re1 Ne4 10. Nxe4 Bxe4 11. Bd3 Bxd3 12. Qxd3 0-0 13. Bd2 Qe7 14. Bc3 Rad8 15. Qc4 Kh8 16. Rac1 f6 17. Qb3 Rb8 18. Red1 Na7 19. Nd2 b5 20. Ne4 f5 21. Nxd6 cxd6 22. f4 b4 23. Be1 Rg8 24. Rc4 a5 25. Rdc1 Rb7 26. Qc2 Rd8 27. Rc7 Rxc7 28. Qxc7 Qxc7 29. Rxc7 Nc8 30. b3 Nb6 31. Kf2 h6 32. Ke2 Rc8 33. Rxc8+ Nxc8 34. Bh4 Na7 35. d5 exd5 36. Be7 Nc6 37. Bxd6 h5 38. Bc5 Kh7 39. Kf3 Kg6 40. Kg3 Kf6 41. Kh4 Kg6 42. h3 Kh6 43. g4 hxg4 44. hxg4 fxg4 45. Kxg4 Kg6 46. f5+ Kf6 47. Kf4 Kf7 48. Kg5 Nb8 49. Bd4 Nc6 50. Bb6 Kg8 51. f6 Kf7 52. fxg7 Kxg7 53. Kf5 Kf7 54. Bc5 Ke8 55. Ke6 Nd8+ 56. Kxd5 Kd7 57. e4 Kc7 58. e5 Kd7 59. Bb6 Nb7 60. e6+ 1-0

[Event "Mittelfranken-ch NT 58th"]
[Site "Postbauer"]
[Date "2009.04.09"]
[Round "4"]
[White "Muenzenberg, Dietrich"]
[Black "Zhao, Kevin"]
[Result "1-0"]
[WhiteElo "1665"]
[BlackElo "1477"]
[PlyCount "109"]
[EventDate "2009.04.08"]
[EventType "swiss"]
[EventRounds "7"]
[EventCountry "GER"]
[SourceTitle "EXT 2015"]
[Source "ChessBase"]
[SourceDate "2014.11.20"]
[SourceVersion "1"]
[SourceVersionDate "2014.11.20"]
[SourceQuality "1"]

1. d4 d5 2. c4 dxc4 3. Nc3 e5 4. d5 c6 5. e4 b5 6. Nf3 Nf6 7. Bg5 Bc5 8. dxc6 Qxd1+ 9. Rxd1 Nxc6 10. Bxf6 gxf6 11. Nxb5 0-0 12. Bxc4 Ba6 13. 0-0 Rab8 14. a4 Rfd8 15. b3 Na5 16. Rd5 Nxc4 17. bxc4 Bb6 18. Rfd1 Rdc8 19. Rc1 Rc5 20. Nd2 Rbc8 21. Rxc5 Bxc5 22. Nb3 Bd4 23. N3xd4 exd4 24. Nxd4 Rxc4 25. Rxc4 Bxc4 26. f3 Kg7 27. a5 a6 28. Kf2 Kg6 29. Ke3 h5 30. h4 Bf1 31. g3 Bh3 32. Nc6 Be6 33. f4 f5 34. e5 f6 35. Kd4 Bd7 36. Kc5 Kf7 37. Kd6 Be8 38. e6+ Kf8 39. Ne7 Bb5 40. Nxf5 Bd3 41. Ne7 Bh7 42. Nd5 f5 43. Nc7 Bg8 44. e7+ Kg7 45. e8Q Kh7 46. Qxh5+ Kg7 47. Qxf5 Kh8 48. Nxa6 Bf7 49. Nc7 Bg6 50. Qf6+ Kh7 51. a6 Kh6 52. a7 Kh7 53. a8Q Be8 54. Nxe8 Kg8 55. Qg7# 1-0